[Event "Foment Martinenc op-C 18th"]
[Site "Barcelona"]
[Date "2016.05.07"]
[Round "3"]
[White "Fontela Hidalgo, Victor"]
[Black "Saltor Guinjoan, Josep"]
[Result "1-0"]
[WhiteElo "1794"]
[BlackElo "1625"]
[PlyCount "35"]
[EventDate "2016.04.23"]
[EventType "swiss"]
[EventRounds "9"]
[EventCountry "ESP"]
[SourceTitle "EXT 2017"]
[Source "ChessBase"]
[SourceDate "2016.10.25"]
[SourceVersion "1"]
[SourceVersionDate "2016.10.25"]
[SourceQuality "1"]

1. d4 Nf6 2. Nc3 d5 3. f3 Bf5 4. Nh3 h6 5. Nf2 e6 6. e4 dxe4 7. fxe4 Bh7 8. Bf4 Bb4 9. Bd3 Qxd4 10. Bb5+ Qd7 11. Bxd7+ Nbxd7 12. Bxc7 Rc8 13. Bd6 Bxc3+ 14. bxc3 Rxc3 15. 0-0 Nxe4 16. Nxe4 Bxe4 17. Qe1 Bd5 18. Qxc3 1-0

[Event "Foment Martinenc op-C 18th"]
[Site "Barcelona"]
[Date "2016.04.30"]
[Round "2"]
[White "Saltor Guinjoan, Josep"]
[Black "Moya Nunez, Pau Salvador"]
[Result "0-1"]
[WhiteElo "1625"]
[BlackElo "1748"]
[PlyCount "42"]
[EventDate "2016.04.23"]
[EventType "swiss"]
[EventRounds "9"]
[EventCountry "ESP"]
[SourceTitle "EXT 2017"]
[Source "ChessBase"]
[SourceDate "2016.10.25"]
[SourceVersion "1"]
[SourceVersionDate "2016.10.25"]
[SourceQuality "1"]

1. e4 c5 2. d4 cxd4 3. c3 d3 4. Nf3 d6 5. Bxd3 Nc6 6. 0-0 Nf6 7. Bg5 g6 8. Qe2 Bg4 9. Nbd2 Bg7 10. Bb5 0-0 11. Qe3 Bxf3 12. Nxf3 h6 13. Bxc6 bxc6 14. Bxh6 Ng4 15. Qf4 Nxh6 16. Ng5 Qc8 17. h3 Qc7 18. g4 Qc8 19. Nf3 f6 20. Kg2 Nf7 21. Nd4 e5 0-1

[Event "Foment Martinenc op-C 18th"]
[Site "Barcelona"]
[Date "2016.04.23"]
[Round "1"]
[White "Casanova Puig, Antoni"]
[Black "Saltor Guinjoan, Josep"]
[Result "1-0"]
[WhiteElo "1743"]
[BlackElo "1625"]
[PlyCount "49"]
[EventDate "2016.04.23"]
[EventType "swiss"]
[EventRounds "9"]
[EventCountry "ESP"]
[SourceTitle "EXT 2017"]
[Source "ChessBase"]
[SourceDate "2016.10.25"]
[SourceVersion "1"]
[SourceVersionDate "2016.10.25"]
[SourceQuality "1"]

1. d4 d5 2. c4 b5 3. cxd5 Qxd5 4. Nc3 Qc6 5. a3 Bf5 6. e4 Bxe4 7. Bxb5 Bxg2 8. Bxc6+ Bxc6 9. f3 Nf6 10. Be3 h6 11. d5 Bb7 12. Nb5 Na6 13. Nc3 c6 14. dxc6 Bxc6 15. Nh3 e6 16. 0-0 Be7 17. Qe2 Nc7 18. Bf2 Ncd5 19. Nxd5 Nxd5 20. Kg2 0-0 21. Rac1 Bd7 22. Qa6 Bf6 23. Rc2 Rfb8 24. Rd1 Bxb2 25. Rb1 1-0

[Event "Foment Martinenc op-C 17th"]
[Site "Barcelona"]
[Date "2015.05.30"]
[Round "6"]
[White "Petit Vidal, Enric"]
[Black "Saltor Guinjoan, Josep"]
[Result "1-0"]
[WhiteElo "1725"]
[BlackElo "1692"]
[PlyCount "105"]
[EventDate "2015.04.25"]
[EventType "swiss"]
[EventRounds "9"]
[EventCountry "ESP"]
[SourceTitle "EXT 2017"]
[Source "ChessBase"]
[SourceDate "2016.10.25"]
[SourceVersion "1"]
[SourceVersionDate "2016.10.25"]
[SourceQuality "1"]

1. d4 d5 2. Nf3 Nf6 3. Nbd2 Nc6 4. e3 Bg4 5. h3 Bh5 6. b3 e6 7. Bb2 Bg6 8. Ne5 Bb4 9. c3 Ba5 10. b4 Bb6 11. Nxg6 fxg6 12. Bd3 0-0 13. 0-0 Ne7 14. c4 c6 15. c5 Bc7 16. e4 Nh5 17. e5 Nf5 18. Bxf5 Rxf5 19. Nf3 Qe7 20. Bc1 Raf8 21. Kh2 Rxf3 22. gxf3 Qh4 23. Qd3 Nf4 24. Bxf4 Rxf4 25. Rad1 Rxd4 26. Qxd4 Qxd4 27. Rxd4 Bxe5+ 28. Kg2 Bxd4 29. Rd1 Bf6 30. f4 Kf7 31. a4 Bc3 32. Rb1 Kf6 33. b5 d4 34. bxc6 bxc6 35. Rb7 a5 36. Rc7 Bb4 37. Rxc6 d3 38. Kf3 d2 39. Ke2 Kf5 40. Rb6 Bxc5 41. Rb5 Kxf4 42. Rxc5 e5 43. Kxd2 e4 44. Rxa5 Kf3 45. Ke1 Kg2 46. Re5 Kxh3 47. a5 h5 48. a6 h4 49. a7 Kg2 50. a8Q h3 51. Qxe4+ Kg1 52. Qg4+ Kh2 53. Kf1 1-0

[Event "Foment Martinenc op-C 17th"]
[Site "Barcelona"]
[Date "2015.05.09"]
[Round "3"]
[White "Lavignole Fernandez, Pol"]
[Black "Saltor Guinjoan, Josep"]
[Result "0-1"]
[WhiteElo "1722"]
[BlackElo "1692"]
[PlyCount "36"]
[EventDate "2015.04.25"]
[EventType "swiss"]
[EventRounds "9"]
[EventCountry "ESP"]
[SourceTitle "EXT 2017"]
[Source "ChessBase"]
[SourceDate "2016.10.25"]
[SourceVersion "1"]
[SourceVersionDate "2016.10.25"]
[SourceQuality "1"]

1. e4 e5 2. Nf3 Nc6 3. d4 exd4 4. Nxd4 Nxd4 5. Qxd4 b6 6. Bc4 Bc5 7. Qd5 Qf6 8. f3 Ne7 9. Qxa8 0-0 10. Qxa7 Qd4 11. Bb5 Qb4+ 12. Nc3 Qd4 13. Rf1 Bb4 14. Bd2 Qc5 15. a3 Bxc3 16. Bxc3 Qxb5 17. Qxc7 Ba6 18. Rg1 Qe2# 0-1

[Event "Foment Martinenc op-C 17th"]
[Site "Barcelona"]
[Date "2015.05.02"]
[Round "2"]
[White "Saltor Guinjoan, Josep"]
[Black "Moya Nunez, Pau Salvador"]
[Result "0-1"]
[WhiteElo "1692"]
[BlackElo "1727"]
[PlyCount "42"]
[EventDate "2015.04.25"]
[EventType "swiss"]
[EventRounds "9"]
[EventCountry "ESP"]
[SourceTitle "EXT 2017"]
[Source "ChessBase"]
[SourceDate "2016.10.25"]
[SourceVersion "1"]
[SourceVersionDate "2016.10.25"]
[SourceQuality "1"]

1. e4 Nc6 2. Nf3 d6 3. d4 Nf6 4. Nc3 g6 5. Bb5 a6 6. Ba4 Bd7 7. 0-0 Bg7 8. Re1 0-0 9. a3 Bg4 10. d5 Ne5 11. h3 Nxf3+ 12. gxf3 Bxh3 13. Kh2 Bd7 14. Bg5 Bxa4 15. Nxa4 Qd7 16. Nc3 h6 17. Bh4 Nh5 18. Bg3 f5 19. Qd2 f4 20. Bxf4 Nxf4 21. Rg1 Qh3# 0-1

[Event "Foment Martinenc op-C 16th"]
[Site "Barcelona"]
[Date "2014.05.31"]
[Round "6"]
[White "Gil Hidalgo, Abel"]
[Black "Saltor Guinjoan, Josep"]
[Result "0-1"]
[WhiteElo "1700"]
[BlackElo "1700"]
[PlyCount "64"]
[EventDate "2014.04.26"]
[EventType "swiss"]
[EventRounds "9"]
[EventCountry "ESP"]
[SourceTitle "EXT 2015"]
[Source "ChessBase"]
[SourceDate "2014.11.20"]
[SourceVersion "1"]
[SourceVersionDate "2014.11.20"]
[SourceQuality "1"]

1. e4 e5 2. Bc4 Nc6 3. Nf3 Bc5 4. 0-0 d6 5. d3 Nf6 6. Bg5 0-0 7. a3 h6 8. Bxf6 Qxf6 9. b4 Bb6 10. Nc3 Qg6 11. g3 Bg4 12. Nd5 Nd4 13. Ne7+ Kh7 14. Nxg6 Nxf3+ 15. Kg2 fxg6 16. h3 Nh4+ 17. gxh4 Bxd1 18. Raxd1 Rf4 19. Kg3 Raf8 20. Rd2 c6 21. c3 Bd8 22. d4 Bxh4+ 23. Kg2 Rxe4 24. Bd3 Ref4 25. dxe5 dxe5 26. Bc2 Rf3 27. Rd6 Rxf2+ 28. Rxf2 Rxf2+ 29. Kh1 Rxc2 30. Rd7 Rxc3 31. Rxb7 Rxa3 32. Rc7 Rxh3+ 0-1

[Event "Foment Martinenc op-B 15th"]
[Site "Barcelona"]
[Date "2013.06.08"]
[Round "8"]
[White "Labad Ameneda, Ricard"]
[Black "Saltor Guinjoan, Josep"]
[Result "0-1"]
[WhiteElo "1700"]
[BlackElo "1700"]
[PlyCount "52"]
[EventDate "2013.04.20"]
[EventType "swiss"]
[EventRounds "9"]
[EventCountry "ESP"]
[SourceTitle "CBM 154 Extra"]
[Source "ChessBase"]
[SourceDate "2013.06.25"]
[SourceVersion "2"]
[SourceVersionDate "2013.06.25"]
[SourceQuality "1"]

1. e4 e5 2. Nc3 Nc6 3. f4 exf4 4. Nf3 Bd6 5. d4 Bb4 6. Bxf4 h6 7. Bc4 d6 8. h3 Nge7 9. 0-0 Ng6 10. Bd2 Ba5 11. Nd5 Be6 12. Re1 0-0 13. Bb5 Bxd2 14. Qxd2 Nce7 15. Nxe7+ Qxe7 16. e5 c6 17. Bd3 Bd5 18. Bxg6 fxg6 19. Re3 Bxf3 20. Rxf3 Rxf3 21. gxf3 dxe5 22. d5 Rd8 23. c4 Qc5+ 24. Kf1 Qxc4+ 25. Ke1 Qh4+ 26. Kd1 Rxd5 0-1

[Event "Foment Martinenc op-B 15th"]
[Site "Barcelona"]
[Date "2013.06.01"]
[Round "7"]
[White "Cuenca Madero, Sergi"]
[Black "Saltor Guinjoan, Josep"]
[Result "1-0"]
[WhiteElo "1700"]
[BlackElo "1700"]
[PlyCount "33"]
[EventDate "2013.04.20"]
[EventType "swiss"]
[EventRounds "9"]
[EventCountry "ESP"]
[SourceTitle "CBM 154 Extra"]
[Source "ChessBase"]
[SourceDate "2013.06.25"]
[SourceVersion "2"]
[SourceVersionDate "2013.06.25"]
[SourceQuality "1"]

1. e4 e5 2. Nf3 Nc6 3. Bc4 Nf6 4. Ng5 d5 5. exd5 Nxd5 6. Nxf7 Kxf7 7. Qf3+ Ke6 8. Nc3 Nd4 9. Bxd5+ Qxd5 10. Qxd5+ Ke7 11. Qxe5+ Ne6 12. d4 c6 13. Bg5+ Ke8 14. 0-0 Rg8 15. d5 cxd5 16. Nxd5 Rb8 17. Nc7+ 1-0